[Event "London Invitation"]
[Site "London"]
[Date "1973.09.09"]
[Round "4"]
[White "Botterill, George Steven"]
[Black "Clarke, Peter H"]
[Result "1/2-1/2"]
[WhiteElo "2345"]
[BlackElo "2305"]
[PlyCount "81"]
[EventDate "1973.09.07"]
[EventType "swiss"]
[EventRounds "5"]
[EventCountry "ENG"]
[Source "John Saunders"]
[SourceDate "2015.07.14"]

1. e4 e6 2. d4 d5 3. Nd2 dxe4 4. Nxe4 Be7 5. Bd3 Nf6 6. Ng3 Nbd7 7. Nf3 c5 8.
O-O O-O 9. c3 a6 10. Qe2 Re8 11. Bg5 b6 12. Rad1 Qc7 13. Ne5 Bb7 14. Rfe1 Nf8
15. h4 b5 16. dxc5 Qxc5 17. Bxf6 Bxf6 18. Qh5 Bxe5 19. Rxe5 Qc7 20. Rg5 f6 21.
Rg4 Rad8 22. Ne4 Bxe4 23. Rxe4 Re7 24. Bc2 Rxd1+ 25. Qxd1 Rd7 26. Qe2 Rd6 27.
Bb3 Qd7 28. f4 f5 29. Re5 Kh8 30. h5 h6 31. Qf3 Qa7+ 32. Qf2 Qf7 33. Qc5 Rd2
34. Qc8 Kh7 35. Rxe6 Qa7+ 36. Kh2 Qf2 37. Rg6 Qh4+ 38. Kg1 Qe1+ 39. Kh2 Qh4+
40. Kg1 Qe1+ 41. Kh2 1/2-1/2

[Event "London Invitation"]
[Site "London"]
[Date "1973.09.09"]
[Round "4"]
[White "Markland, Peter Richard"]
[Black "Chapman, Terence"]
[Result "1-0"]
[WhiteElo "2375"]
[BlackElo "2225"]
[PlyCount "81"]
[EventDate "1973.09.07"]
[EventType "swiss"]
[EventRounds "5"]
[EventCountry "ENG"]
[Source "John Saunders"]
[SourceDate "2015.07.14"]

1. e4 e5 2. Nf3 d6 3. Bc4 Nc6 4. h3 Nf6 5. Nc3 Be7 6. O-O O-O 7. d4 exd4 8.
Nxd4 Re8 9. Re1 h6 10. Bf4 Ne5 11. Bf1 Bf8 12. Qe2 Bd7 13. Rad1 Ng6 14. Bg3 a6
15. a4 d5 16. Qf3 c5 17. Nf5 d4 18. Nd5 Nxd5 19. exd5 Bxf5 20. Rxe8 Qxe8 21.
Qxf5 Qxa4 22. d6 Qc6 23. Bc4 Nh8 24. Bd5 Qb6 25. Qd7 Bxd6 26. Bxd6 Rd8 27. Bxc5
Rxd7 28. Bxf7+ Nxf7 29. Bxb6 d3 30. c3 Ne5 31. b3 Kf7 32. f4 Ng6 33. g3 d2 34.
Bd4 Ne7 35. Rxd2 Nf5 36. Kf2 Nxd4 37. Rxd4 Rxd4 38. cxd4 Ke6 39. Ke3 Kd5 $2 (
39... a5 $1 $13) 40. g4 a5 41. g5 (41. g5 b5 (41... hxg5 42. fxg5 Ke6 43. h4 g6
44. Kd3 b5 45. Kc3 $18) 42. gxh6 gxh6 43. f5 $18) 1-0

[Event "London Invitation"]
[Site "London"]
[Date "1973.09.09"]
[Round "4"]
[White "Wright, Daniel"]
[Black "Mestel, A Jonathan"]
[Result "0-1"]
[WhiteElo "2320"]
[BlackElo "2370"]
[PlyCount "69"]
[EventDate "1973.09.07"]
[EventType "swiss"]
[EventRounds "5"]
[EventCountry "ENG"]
[Source "John Saunders"]
[SourceDate "2015.07.14"]

1. Nf3 g6 2. e4 c5 3. d4 Bg7 4. Nc3 cxd4 5. Nxd4 Nc6 6. Be3 Nf6 7. Bc4 O-O 8.
Bb3 d6 9. h3 Bd7 10. O-O Qc7 11. f4 Na5 12. Nf3 Bc6 13. Qd3 Rad8 14. Nd5 Bxd5
15. exd5 Rc8 16. c3 a6 17. Bd4 b5 18. f5 Qb7 19. fxg6 hxg6 20. Bxf6 Bxf6 21.
Nh2 Nc4 22. Ng4 Bg7 23. Bxc4 bxc4 24. Qd2 Rc5 25. Rad1 Ra5 26. a3 Rb5 27. Rf2
Qb6 28. Kh1 f5 29. Nh2 Rb8 30. Qe2 Rxb2 31. Qe6+ Kh7 32. Rf4 Bf6 33. Qf7+ Kh6
34. Nf3 Qe3 35. Nh4 {time} 0-1

[Event "London Invitation"]
[Site "London"]
[Date "1973.09.09"]
[Round "4"]
[White "Littlewood, John Eric"]
[Black "Goodman, David SC"]
[Result "1-0"]
[WhiteElo "2370"]
[BlackElo "2120"]
[Annotator "Littlewood, John / Houdini"]
[PlyCount "55"]
[EventDate "1973.09.07"]
[EventType "swiss"]
[EventRounds "5"]
[EventCountry "ENG"]
[Source "John Saunders"]
[SourceDate "2015.07.14"]

1. d4 g6 2. c4 Bg7 3. Nc3 d6 4. e4 Nf6 5. Be2 O-O 6. f4 c5 7. d5 e6 8. Nf3 exd5
9. cxd5 Re8 10. e5 dxe5 11. fxe5 Ng4 12. O-O Nxe5 13. Bf4 Nxf3+ (13... Nbd7 14.
d6 Rb8 15. Nd5 (15. Nb5 {-->Nc7 Szabo}) 15... Nxf3+ (15... b5 $1 16. Ne7+ Rxe7
{Szabo}) 16. Bxf3 Bxb2 17. Ne7+ Kh8 18. Bd5 Rf8 19. Qb3 Qb6 20. Qg3 $18 {J.
Littlewood-O.Jackson, Preston op 1973 (week before current game)}) (13... Bf5 {
Goodman}) 14. Bxf3 Bf5 15. Qd2 (15. g4) 15... Qd7 16. h3 c4 17. Bh6 Bxh6 (17...
Be5 $5 {Houdini 4 Pro}) 18. Qxh6 Qd6 (18... Bd3) 19. Bg4 Bxg4 $2 (19... Bd3 $13
) 20. hxg4 Nd7 21. Rf4 Qb6+ 22. Kh1 Qxb2 23. Raf1 Qd2 24. Qh4 Qxc3 $4 (24... f6
$1 {Houdini 4 Pro} 25. Ne4 (25. Rxf6 Nxf6 26. Qxf6 Qh6+ 27. Kg1 Qe3+ 28. Kh1
Rf8 $19) 25... Qxd5 26. Nxf6+ Nxf6 27. Rxf6 Rf8 $19) 25. Rxf7 Nf8 26. Qh6 Qd4
$2 (26... Qh8 $8 27. d6 b5 $5 28. d7 Nxd7 29. Rxd7 Rad8 $13) 27. Rxb7 c3 $4 (
27... Qh8 $1 $13) 28. Rxf8+ 1-0

[Event "London Invitation"]
[Site "London"]
[Date "1973.09.09"]
[Round "4"]
[White "Klein, Ernst Ludwig"]
[Black "Kinlay, Jonathan"]
[Result "1-0"]
[WhiteElo "2335"]
[BlackElo "2170"]
[PlyCount "71"]
[EventDate "1973.09.07"]
[EventType "swiss"]
[EventRounds "5"]
[EventCountry "ENG"]
[Source "John Saunders"]
[SourceDate "2015.07.14"]

1. d4 Nf6 2. c4 c5 3. d5 e6 4. Nc3 exd5 5. cxd5 d6 6. e4 g6 7. Nf3 Bg7 8. Be2
O-O 9. Nd2 a6 10. a4 Nbd7 11. O-O Qc7 12. Qc2 Ne8 13. Nd1 b6 14. Ne3 Rb8 15.
Rb1 b5 16. b3 Nef6 17. Bb2 Re8 18. axb5 axb5 19. Rbe1 Qb6 20. Kh1 Bb7 21. f4
Re7 22. Bf3 Rbe8 23. Qc1 Ra8 24. g4 h6 25. Nd1 c4 26. bxc4 Nc5 27. Nf2 Ra2 28.
g5 hxg5 29. fxg5 Rxb2 30. gxf6 Bxf6 31. e5 Rxd2 32. exf6 Rxe1 33. Qxe1 Nb3 34.
Qe8+ Kh7 35. Qxf7+ Kh6 36. Rg1 {time} 1-0

[Event "London Invitation"]
[Site "London"]
[Date "1973.09.09"]
[Round "4"]
[White "Horner, Jeff"]
[Black "Waters, Peter John"]
[Result "1/2-1/2"]
[WhiteElo "2400"]
[BlackElo "2265"]
[PlyCount "80"]
[EventDate "1973.09.07"]
[EventType "swiss"]
[EventRounds "5"]
[EventCountry "ENG"]
[Source "John Saunders"]
[SourceDate "2015.07.14"]

1. e4 Nc6 2. Nf3 e5 3. Bb5 a6 4. Ba4 Nf6 5. O-O b5 6. Bb3 Bb7 7. d3 Be7 8. a4
O-O 9. Nc3 Na5 10. Nxe5 $2 Nxb3 11. cxb3 b4 12. Ne2 d5 13. exd5 Qxd5 14. Nf3
Bd6 15. Ng3 Ng4 16. h3 $2 Ne5 17. d4 Nxf3+ 18. Qxf3 Qxf3 19. gxf3 f5 $17 20. f4
g5 $2 21. Kh2 (21. Re1) 21... Bf3 (21... Rae8) 22. Rg1 Rae8 23. h4 g4 24. Be3
Re6 25. Rgc1 Bd5 26. Rc4 a5 27. Rac1 Ref6 28. Kg1 Bxc4 29. bxc4 c6 30. b3 Rc8
31. Rd1 Kf7 32. Kg2 Ke6 33. Ne2 Rf7 34. Nc1 (34. d5+) 34... Be7 35. Nd3 Bd6 36.
Kg3 Rd7 37. Bc1 Re8 38. Be3 Kf7 39. Rc1 Re4 40. Rd1 Rd8 1/2-1/2

[Event "London Invitation"]
[Site "London"]
[Date "1973.09.09"]
[Round "4"]
[White "Webb, Simon"]
[Black "Speelman, Jonathan S"]
[Result "1-0"]
[WhiteElo "2370"]
[BlackElo "2255"]
[PlyCount "129"]
[EventDate "1973.09.07"]
[EventType "swiss"]
[EventRounds "5"]
[EventCountry "ENG"]
[Source "John Saunders"]
[SourceDate "2015.07.14"]

1. d4 Nf6 2. c4 g6 3. Nc3 Bg7 4. e4 d6 5. Be2 O-O 6. Nf3 e5 7. dxe5 dxe5 8.
Qxd8 Rxd8 9. Bg5 Re8 10. O-O-O h6 11. Be3 c6 12. Ne1 Ng4 13. Bxg4 Bxg4 14. f3
Be6 15. b3 Nd7 16. Nc2 Bf8 17. Rd2 a5 18. Rhd1 Nc5 19. Kb2 a4 20. Bxc5 axb3 21.
axb3 Bxc5 22. Na4 Be7 23. Ra1 Ra6 24. Rdd1 Rea8 25. c5 Ra5 26. Rdc1 b5 27. Nc3
Rxa1 28. Nxa1 Bxc5 29. Nxb5 Be3 30. Rxc6 Bd7 31. Rc3 Bb6 32. Nc7 Ra7 33. Nd5
Bd4 34. Nc2 Bxc3+ 35. Kxc3 Be6 36. Ncb4 Ra1 37. Nc6 Rd1 (37... Rc1+ $5 38. Kb2
Rh1 $13) 38. b4 Kf8 39. b5 Bxd5 40. exd5 Rxd5 $2 (40... Ke8 $5) 41. Kc4 $16 Rd7
42. b6 Ke8 43. Kb5 f5 44. Ka6 e4 45. fxe4 fxe4 46. b7 Rxb7 47. Kxb7 Kd7 48. Nd4
Kd6 49. Ne2 Kd5 50. Kc7 e3 51. Kd7 Ke4 52. Nc1 Kd4 53. Ke6 Kc3 54. Ne2+ Kd3 55.
Ng3 h5 56. h4 g5 57. hxg5 h4 58. Nh5 Ke4 59. g6 e2 60. g7 e1=Q 61. g8=Q Ke3 62.
Qg4 Kf2+ 63. Kf5 $2 (63. Kf7 $1 $18) 63... Kg1 $2 (63... Qa5+ $1 64. Kg6 Qb6+
65. Kg5 Qd8+ $1 66. Nf6 Kg1 $1 $11) 64. Nf4 Qa5+ 65. Kg6 1-0

[Event "London Invitation"]
[Site "London"]
[Date "1973.09.09"]
[Round "4"]
[White "Littlewood, Paul E"]
[Black "Knox, Victor W"]
[Result "1/2-1/2"]
[WhiteElo "2240"]
[BlackElo "2370"]
[PlyCount "81"]
[EventDate "1973.09.07"]
[EventType "swiss"]
[EventRounds "5"]
[EventCountry "ENG"]
[Source "John Saunders"]
[SourceDate "2015.07.14"]

1. Nf3 f5 2. d4 g6 3. h4 Bg7 4. h5 d6 5. Nc3 c6 6. hxg6 hxg6 7. Rxh8 Bxh8 8.
Qd2 Nd7 9. e4 fxe4 10. Nxe4 Ndf6 11. Ng3 Bf5 12. Nxf5 gxf5 13. Qg5 e6 14. d5
Qa5+ 15. Bd2 Qxd5 16. Qg6+ Kd7 17. c4 Qe4+ 18. Be2 Re8 19. Rd1 Kc8 20. Ng5 Qxg2
21. Bf3 Qh2 22. Be3 a6 23. Nf7 Ne7 24. Qg5 Nh7 25. Nxd6+ Qxd6 26. Qh5 Nf6 27.
Rxd6 Nxh5 28. Bxh5 Rf8 29. Rxe6 Ng8 30. Bc5 Rd8 31. b3 Bc3+ 32. Kf1 Bd4 33.
Bxd4 Rxd4 34. Bf7 Rd8 35. Re5 Nh6 36. Be6+ Kc7 37. Bxf5 Nxf5 38. Rxf5 Rd2 39.
Rf7+ Kc8 40. Re7 Rxa2 41. f4 1/2-1/2

[Event "London Invitation"]
[Site "London"]
[Date "1973.09.09"]
[Round "4"]
[White "Lambert, Glenn EJ"]
[Black "Benjamin, Jonathan C"]
[Result "1/2-1/2"]
[WhiteElo "2120"]
[BlackElo "1970"]
[PlyCount "100"]
[EventDate "1973.09.07"]
[EventType "swiss"]
[EventRounds "5"]
[EventCountry "ENG"]
[Source "John Saunders"]
[SourceDate "2015.07.14"]

1. Nf3 g6 2. d4 Nf6 3. g3 Bg7 4. Bg2 O-O 5. c4 d6 6. O-O Nc6 7. d5 Na5 8. Nfd2
c5 9. Nc3 a6 10. Qc2 Rb8 11. b3 b5 12. Bb2 e6 13. Rab1 bxc4 14. bxc4 Bh6 15.
Nce4 Nxe4 16. Nxe4 Rxb2 17. Rxb2 f5 18. Nc3 Nxc4 19. Rb8 Qc7 20. Rxc8 Rxc8 21.
dxe6 Nb6 22. a4 a5 23. Rd1 Qe7 24. Rb1 Qc7 25. Qb3 Bg7 26. e7+ c4 27. Qxb6 Qxb6
28. Rxb6 Bxc3 29. Rxd6 Re8 30. Bd5+ Kg7 31. Bxc4 Rxe7 32. e3 Bb4 33. Rd8 Rc7
34. Bb5 Bc3 35. Kg2 Bb4 36. h3 Be1 37. Rd1 Bb4 38. g4 Kf6 39. gxf5 Kxf5 40. Rd4
Re7 41. Bd3+ Kf6 42. Kf3 Re6 43. Kg4 Kg7 44. Bc4 Rd6 45. Rf4 Rf6 46. Rxf6 Kxf6
47. f4 h5+ 48. Kf3 g5 49. e4 gxf4 50. Kxf4 Bd2+ 1/2-1/2

[Event "London Invitation"]
[Site "London"]
[Date "1973.09.09"]
[Round "4"]
[White "Bohm, Hans"]
[Black "Povah, Nigel E"]
[Result "1-0"]
[WhiteElo "2280"]
[BlackElo "2255"]
[PlyCount "53"]
[EventDate "1973.09.07"]
[EventType "swiss"]
[EventRounds "5"]
[EventCountry "ENG"]
[Source "John Saunders"]
[SourceDate "2015.07.14"]

1. d4 Nf6 2. c4 c5 3. Nf3 cxd4 4. Nxd4 e6 5. Nc3 a6 6. Nc2 Be7 7. g3 Qc7 8. b3
b5 9. Bg2 Bb7 10. Bxb7 Qxb7 11. O-O bxc4 12. bxc4 O-O 13. Bf4 Qc6 14. Qd3 Rc8
15. Rab1 Qxc4 16. Qxc4 Rxc4 17. Bxb8 Rxc3 18. Ne3 d6 19. Rb7 Kf8 20. Rfb1 Ne8
21. a4 a5 22. R1b6 d5 23. Rb5 Ra3 24. Rd7 Nf6 25. Rc7 Rxa4 $2 (25... Bd8 $1 $17
) 26. Rbb7 Ng8 $4 (26... Ne8 27. Rxe7 Rxb8 $1 $11) 27. Rc8+ 1-0

[Event "London Invitation"]
[Site "London"]
[Date "1973.09.09"]
[Round "4"]
[White "Perkins, Alan H"]
[Black "Johnston, Dafydd R"]
[Result "0-1"]
[WhiteElo "2305"]
[BlackElo "2160"]
[PlyCount "68"]
[EventDate "1973.09.07"]
[EventType "swiss"]
[EventRounds "5"]
[EventCountry "ENG"]
[Source "John Saunders"]
[SourceDate "2015.07.14"]

1. c4 e6 2. g3 Nf6 3. Bg2 c5 4. Nf3 Nc6 5. O-O Be7 6. Nc3 O-O 7. d4 cxd4 8.
Nxd4 a6 9. b3 Qa5 10. Bb2 Rb8 11. a3 Nxd4 12. Qxd4 d6 13. b4 Qc7 14. Rac1 b6
15. e4 Bb7 16. Nd1 Bc6 17. Ne3 Qb7 18. f3 Rfd8 19. Rfe1 Rbc8 20. Qd2 Nd7 21.
Bc3 b5 22. Kh1 Ne5 23. Bxe5 dxe5 24. Qc3 bxc4 25. Nxc4 Bb5 26. Qb3 Qc7 27. Bf1
Rd4 28. Ne3 Qxc1 29. Rxc1 Rxc1 30. Kg2 Rd2+ 31. Kh3 Bxf1+ 32. Nxf1 Rxf1 33. Qc3
Rff2 34. Qc8+ Bd8 0-1

[Event "London Invitation"]
[Site "London"]
[Date "1973.09.09"]
[Round "5"]
[White "Nunn, John DM"]
[Black "Strauss, David J"]
[Result "1/2-1/2"]
[WhiteElo "2350"]
[BlackElo "2400"]
[PlyCount "136"]
[EventDate "1973.09.07"]
[EventType "swiss"]
[EventRounds "5"]
[EventCountry "ENG"]
[Source "John Saunders"]
[SourceDate "2015.07.14"]

1. e4 c5 2. Nf3 Nc6 3. d4 cxd4 4. Nxd4 Nf6 5. Nc3 e5 6. Ndb5 d6 7. Bg5 a6 8.
Na3 Be6 9. Nc4 Rc8 10. Ne3 Nd4 11. Bd3 Be7 12. O-O O-O 13. Bxf6 Bxf6 14. Ncd5
Bg5 15. c3 Bxe3 16. Nxe3 Nc6 17. Bc4 Ne7 18. Qb3 Bxc4 19. Nxc4 Qc7 20. Nb6 Rcd8
21. Rad1 Qc6 22. Nd5 Nxd5 23. Rxd5 h6 24. Rfd1 Rd7 25. Qb4 Rfd8 26. c4 f6 27.
b3 Kf7 28. Qd2 Ke8 29. Qe2 b6 30. Qh5+ Kf8 31. Qf5 Re7 32. a4 a5 33. R1d3 Ke8
34. Qh3 Rdd7 35. Qe3 Kd8 36. Rb5 Kc7 37. b4 axb4 38. Rb3 Kc8 39. R3xb4 Rb7 40.
f3 Rec7 41. h3 Kd7 42. Kh2 Kc8 43. Qd3 {(Bulletin gives 43.Qb3 but this is not
consistent with what follows - JS)} Kd7 44. Qd2 Ke7 45. Qf2 Kd7 46. Qg3 Ke8 47.
Qf2 Kd7 48. Qd2 Kd8 49. Qd5 Rc8 50. Rb2 (50. Qg8+ Qe8 51. Qh7 $1 $16 {Houdini
4 Pro}) 50... Qxd5 51. cxd5 Kc7 52. a5 Rcb8 53. Rc2+ Kd7 54. axb6 Rxb6 55. Rxb6
Rxb6 56. Ra2 Rb7 57. h4 Ke7 58. h5 f5 59. Kg3 fxe4 60. fxe4 Rb4 61. Kf3 Kf6 62.
Ra6 Kg5 63. Rxd6 Rb3+ 64. Kf2 Kf4 65. Rg6 Rb2+ 66. Kg1 Rb7 67. d6 Kxe4 68. Re6
Rd7 1/2-1/2

[Event "London Invitation"]
[Site "London"]
[Date "1973.09.09"]
[Round "5"]
[White "Basman, Michael J"]
[Black "Piasetski, Leon David"]
[Result "1-0"]
[WhiteElo "2370"]
[BlackElo "2320"]
[PlyCount "99"]
[EventDate "1973.09.07"]
[EventType "swiss"]
[EventRounds "5"]
[EventCountry "ENG"]
[Source "John Saunders"]
[SourceDate "2015.07.14"]

1. f4 c5 2. g3 g6 3. Bg2 Bg7 4. c3 Nc6 5. d3 d6 6. Nh3 e6 7. O-O Nge7 8. Nf2 b6
9. e4 Bb7 10. Nd2 Qd7 11. Nf3 h6 12. Bd2 b5 13. Be3 a6 14. Rc1 O-O 15. g4 f5
16. h4 e5 17. fxe5 fxg4 18. exd6 gxf3 19. dxe7 Qxe7 20. Bxf3 Qxh4 21. Bg2 h5
22. Bxc5 g5 23. Qb3+ Kh8 24. Nh3 Rg8 25. Rf5 Ne5 26. Bf2 Qg4 27. Qd1 Raf8 28.
Rxg5 Nf3+ 29. Qxf3 Rxf3 30. Rxg4 hxg4 31. Bxf3 Bh6 32. Bd4+ Kh7 33. Rf1 gxf3+
34. Kh1 Rg3 35. Ng1 Bc8 36. Rxf3 Rg4 37. Ne2 Rh4+ 38. Kg2 Be6 39. b3 Bg4 40.
Rf2 Bd2 41. Rf7+ Kg8 42. Rg7+ Kf8 43. Ng3 a5 44. Ra7 b4 45. c4 Be1 46. Bc5+ Kg8
47. Nf5 Bh3+ 48. Kf3 Rh5 49. Rg7+ Kh8 50. Bd4 1-0

[Event "London Invitation"]
[Site "London"]
[Date "1973.09.09"]
[Round "5"]
[White "Miles, Anthony J"]
[Black "Botterill, George Steven"]
[Result "1-0"]
[WhiteElo "2440"]
[BlackElo "2345"]
[PlyCount "103"]
[EventDate "1973.09.07"]
[EventType "swiss"]
[EventRounds "5"]
[EventCountry "ENG"]
[Source "John Saunders"]
[SourceDate "2015.07.14"]

1. g3 f5 2. Bg2 Nf6 3. c4 d6 4. Nc3 g6 5. b4 Bg7 6. Rb1 e5 7. d3 O-O 8. Qc2 Nc6
9. e3 Ne7 10. f4 exf4 11. exf4 d5 12. Nf3 dxc4 13. dxc4 Nc6 14. O-O Nd4 15. Qd1
Ng4 16. Nd5 Nxf3+ 17. Bxf3 c6 18. h3 Kh8 19. hxg4 fxg4 20. Bg2 cxd5 21. Bxd5
Bf5 22. Rb3 Qc7 23. Bb2 Rad8 24. Re1 Rfe8 25. Rbe3 Rxe3 26. Bxg7+ Qxg7 27. Rxe3
h5 28. Re5 Kh7 29. Qd4 a6 30. Qe3 Rd7 31. a4 Qf6 32. Qf2 Kh6 33. c5 h4 34. gxh4
Kh5 35. Qe1 Qxh4 36. Rxf5+ gxf5 37. Qe8+ Kh6 38. Qe6+ Kh5 39. Qxf5+ Kh6 40.
Qe6+ Kh5 41. Qf5+ Kh6 42. Qxd7 Qg3+ 43. Kf1 Qxf4+ 44. Ke2 Qe5+ 45. Kd3 Qg3+ 46.
Kd4 Qf2+ 47. Ke5 Qg3+ 48. Ke6 Qe3+ 49. Kd6 Qf4+ 50. Ke7 Qg5+ 51. Ke8 Qg6+ 52.
Qf7 1-0

[Event "London Invitation"]
[Site "London"]
[Date "1973.09.09"]
[Round "5"]
[White "Mestel, A Jonathan"]
[Black "Klein, Ernst Ludwig"]
[Result "1-0"]
[WhiteElo "2370"]
[BlackElo "2335"]
[PlyCount "37"]
[EventDate "1973.09.07"]
[EventType "swiss"]
[EventRounds "5"]
[EventCountry "ENG"]
[Source "John Saunders"]
[SourceDate "2015.07.14"]

1. e4 e5 2. Nf3 Nc6 3. Bb5 a6 4. Ba4 Nf6 5. d4 exd4 6. O-O Be7 7. e5 Ne4 8.
Nxd4 Nxd4 9. Qxd4 Nc5 10. Nc3 O-O 11. Be3 d6 12. Rad1 Be6 13. exd6 cxd6 (13...
Qxd6 $11) 14. Bb3 Nxb3 15. axb3 Rc8 16. Rd2 d5 17. Qd3 $2 Bb4 18. Bd4 Qd7 $4 (
18... Bxc3 19. Bxc3 f6 $14 {Mestel}) 19. Bxg7 1-0

[Event "London Invitation"]
[Site "London"]
[Date "1973.09.09"]
[Round "5"]
[White "Clarke, Peter H"]
[Black "Littlewood, John Eric"]
[Result "1/2-1/2"]
[WhiteElo "2305"]
[BlackElo "2370"]
[PlyCount "31"]
[EventDate "1973.09.07"]
[EventType "swiss"]
[EventRounds "5"]
[EventCountry "ENG"]
[Source "John Saunders"]
[SourceDate "2015.07.14"]

1. d4 Nf6 2. c4 g6 3. Nc3 d5 4. Nf3 Bg7 5. cxd5 Nxd5 6. Bd2 O-O 7. Rc1 Bg4 8.
e3 Nc6 9. Be2 e5 10. dxe5 Ndb4 11. O-O Nd3 12. Rb1 Qd7 13. Qa4 Rad8 14. Rfd1
Bxf3 15. Bxf3 Ncxe5 16. Bxb7 1/2-1/2

[Event "London Invitation"]
[Site "London"]
[Date "1973.09.09"]
[Round "5"]
[White "Markland, Peter Richard"]
[Black "Saverymuttu, Seth"]
[Result "1/2-1/2"]
[WhiteElo "2375"]
[BlackElo "2305"]
[PlyCount "33"]
[EventDate "1973.09.07"]
[EventType "swiss"]
[EventRounds "5"]
[EventCountry "ENG"]
[Source "John Saunders"]
[SourceDate "2015.07.14"]

1. e4 c5 2. Nf3 d6 3. Bb5+ Nc6 4. O-O Bd7 5. Nc3 Nf6 6. Re1 Nd4 7. Bxd7+ Qxd7
8. d3 Nxf3+ 9. Qxf3 e6 10. Bg5 Be7 11. e5 dxe5 12. Rxe5 Rc8 13. Rae1 h6 14. Bc1
O-O 15. b3 b6 16. Bb2 Nh7 17. R5e2 1/2-1/2

[Event "London Invitation"]
[Site "London"]
[Date "1973.09.09"]
[Round "5"]
[White "Chapman, Terence"]
[Black "Webb, Simon"]
[Result "0-1"]
[WhiteElo "2225"]
[BlackElo "2370"]
[Annotator "Webb, Simon"]
[PlyCount "62"]
[EventDate "1973.09.07"]
[EventType "swiss"]
[EventRounds "5"]
[EventCountry "ENG"]
[Source "John Saunders"]
[SourceDate "2015.07.14"]

1. e4 e6 2. d3 c5 3. Nf3 Nc6 4. Nbd2 d6 5. g3 g6 6. Bg2 Bg7 7. O-O Nge7 8. c3
O-O 9. Re1 b6 10. Nc4 (10. a4) 10... b5 11. Ne3 e5 12. Nc2 (12. Nh4) 12... d5
13. exd5 Nxd5 14. c4 bxc4 15. dxc4 Nde7 $15 16. Qxd8 Rxd8 17. Be3 Rb8 18. Bxc5
Rxb2 19. Rec1 e4 20. Nfe1 f5 21. Ba3 Rb8 22. Rab1 Be6 23. Rxb8 Rxb8 24. Ne3 Bb2
25. Bxb2 Rxb2 26. Rc2 $2 (26. a3 Rb3 $17) 26... Rb1 27. Kf1 Nb4 28. Re2 Nec6
29. f3 exf3 30. Bxf3 Nd4 31. Bd5 Bxd5 0-1

[Event "London Invitation"]
[Site "London"]
[Date "1973.09.09"]
[Round "5"]
[White "Waters, Peter John"]
[Black "Wright, Daniel"]
[Result "1/2-1/2"]
[WhiteElo "2265"]
[BlackElo "2320"]
[PlyCount "44"]
[EventDate "1973.09.07"]
[EventType "swiss"]
[EventRounds "5"]
[EventCountry "ENG"]
[Source "John Saunders"]
[SourceDate "2015.07.14"]

1. e4 c5 2. Nf3 d6 3. d4 cxd4 4. Nxd4 Nf6 5. Nc3 g6 6. Be3 Bg7 7. Bc4 Nc6 8. f3
O-O 9. Bb3 Bd7 10. Qd2 Rc8 11. h4 h5 12. O-O-O Ne5 13. Bh6 Bxh6 14. Qxh6 Rxc3
15. bxc3 Qa5 16. Qe3 Rc8 17. Kb2 Qb6 18. Kc1 Qa5 19. Kb2 Qb6 20. Kc1 Qc5 21.
Kd2 Qa5 22. Ke2 Rxc3 1/2-1/2

[Event "London Invitation"]
[Site "London"]
[Date "1973.09.09"]
[Round "5"]
[White "Kinlay, Jonathan"]
[Black "Littlewood, Paul E"]
[Result "0-1"]
[WhiteElo "2170"]
[BlackElo "2240"]
[PlyCount "44"]
[EventDate "1973.09.07"]
[EventType "swiss"]
[EventRounds "5"]
[EventCountry "ENG"]
[Source "John Saunders"]
[SourceDate "2015.07.14"]

1. e4 c5 2. Nf3 d6 3. d4 cxd4 4. Nxd4 Nf6 5. Nc3 g6 6. f4 Nc6 7. Nxc6 bxc6 8.
e5 Nd7 9. exd6 exd6 10. Be3 Nf6 11. Qd2 Bg7 12. O-O-O O-O $6 (12... d5 13. Bc5
Be6) 13. Qxd6 Qa5 14. Bc4 Bg4 15. Rd2 Rfe8 16. Bd4 Rad8 17. Qc5 Qc7 18. Qxa7
$16 Qxf4 $2 19. Rf1 $4 (19. Bxf7+ $1 Kh8 20. Bxe8 Bh6 21. Ne4 $1 $18) 19...
Qxf1+ 20. Bxf1 Re1+ 21. Nd1 Bh6 22. Be3 $2 (22. b3 Nd5 $19) 22... Rxd1+ 0-1

[Event "London Invitation"]
[Site "London"]
[Date "1973.09.09"]
[Round "5"]
[White "Goodman, David SC"]
[Black "Lambert, Glenn EJ"]
[Result "1-0"]
[WhiteElo "2120"]
[BlackElo "2120"]
[PlyCount "109"]
[EventDate "1973.09.07"]
[EventType "swiss"]
[EventRounds "5"]
[EventCountry "ENG"]
[Source "John Saunders"]
[SourceDate "2015.07.14"]

1. d4 Nf6 2. c4 e6 3. Nf3 Bb4+ 4. Nbd2 O-O 5. a3 Bxd2+ 6. Qxd2 d6 7. Qc2 Re8 8.
e4 Nc6 $6 (8... e5) 9. e5 dxe5 $6 (9... Nd7 $5) 10. dxe5 Nd7 11. Bf4 $16 Ne7
12. Bd3 Nf8 13. O-O-O Bd7 14. h4 Nfg6 15. Bg5 Qc8 16. h5 Nf8 17. h6 g6 18. Qd2
Bc6 19. Qf4 Nd7 20. Bc2 f5 21. exf6 Rf8 22. Rhe1 Bxf3 23. gxf3 Nb6 24. Qe4 Nf5
25. Qxe6+ Qxe6 26. Rxe6 Nxc4 27. Bb3 (27. Bxf5 gxf5 28. Rd7 Rf7 29. Rxf7 Kxf7
30. Re7+ Kg6 31. Rg7+ Kh5 32. f7 Nd6 33. Bf4 Rf8 34. Rg5+ Kh4 35. Bxd6 cxd6 36.
Rxf5 $18) 27... b5 28. Rd7 Rf7 29. Rxf7 Kxf7 30. Rc6 Rc8 31. Bxc4+ bxc4 32.
Rxc4 Ke6 33. Re4+ Kf7 34. b4 Rd8 35. Rc4 Rc8 36. Kc2 Ke6 37. Re4+ Kf7 38. Kc3
Rd8 39. Rc4 Rc8 40. a4 Ke6 41. Re4+ Kf7 42. a5 a6 43. Re5 c6 44. Kc4 Rb8 45.
Re1 Rd8 46. f4 Rd5 47. Re5 Rd1 48. Kc5 Rb1 49. Re4 Rc1+ 50. Rc4 Rd1 51. Kxc6
Rd6+ 52. Kb7 Re6 53. Rc7+ Kg8 54. Rc6 Re4 55. Rb6 1-0

[Event "London Invitation"]
[Site "London"]
[Date "1973.09.09"]
[Round "5"]
[White "Benjamin, Jonathan C"]
[Black "Bohm, Hans"]
[Result "1-0"]
[WhiteElo "1970"]
[BlackElo "2280"]
[PlyCount "41"]
[EventDate "1973.09.07"]
[EventType "swiss"]
[EventRounds "5"]
[EventCountry "ENG"]
[Source "John Saunders"]
[SourceDate "2015.07.14"]

1. d4 Nf6 2. c4 e6 3. Nf3 b6 4. g3 Bb7 5. Bg2 Qc8 6. Nc3 d5 7. cxd5 Nxd5 8. O-O
Nxc3 9. bxc3 c5 10. Re1 Be7 11. e4 O-O 12. Bb2 Rd8 13. Rc1 Qd7 14. c4 cxd4 15.
Nxd4 Bb4 16. Rf1 Na6 17. Qg4 e5 18. Nf5 f6 19. f4 exf4 20. Bxf6 Bf8 21. Bxd8
1-0